Iniciar en la oración

Furkejuvvon:
Bibliográfalaš dieđut
Váldodahkkit: Aleixandre Parra, Dolores (Dahkki), Berrueta, Teresa (Dahkki)
Materiálatiipa: Girji
Giella:espánnjágiella
Almmustuhtton: Madrid CCS 1999
Preanttus:6a. ed
Ráidu:Cuadernos Proyecto Catequista, 1
Fáttát:
Fáddágilkorat: Lasit fáddágilkoriid
Eai fáddágilkorat, Lasit vuosttaš fáddágilkora!

MARC

LEADER 00000cam a2200000 a 4500
001 UCC6384
003 CL-VaPUC
008 181207e19990000sp |||||||||||||||||spa|d
020 |a 8470435884 
082 0 4 |a 248.3  |b ALE  |2 21 
100 0 |a Aleixandre Parra, Dolores  |e author  |9 600809 
700 0 |a Berrueta, Teresa  |e author  |9 600810 
245 1 0 |a Iniciar en la oración 
250 |a 6a. ed 
300 |a 67 p 
942 |c BK 
945 |d 20181207 13:37:00  |a dcastane 
260 |a Madrid  |b CCS  |c 1999 
650 0 |a Oración  |9 313348 
650 0 |a Contemplación  |9 317501 
650 0 |a Meditaciones  |9 309833 
583 |a last modification  |c 20190719 04:44:30  |k Rodrigo Vera 
490 0 |a Cuadernos Proyecto Catequista, 1 
999 |c 373333  |d 373331 
952 |0 0  |1 0  |3 erb  |4 0  |6 248_300000000000000_ALE_1999  |7 0  |8 A  |9 491403  |a BIBTEO  |b BIBTEO  |e Precht Pizarro, Jorge Enrique  |i 5520096  |o 248.3 ALE 1999  |p 5520096  |r 2025-01-17  |w 2019-11-24  |y BK  |z Catalogado en:20181207  |k ICR